| 000 | 00593nam a22002177a 4500 | ||
|---|---|---|---|
| 003 | OSt | ||
| 005 | 20210419081920.0 | ||
| 008 | 210302s1996 ||||| |||| 00| 0 eng d | ||
| 020 | _a046087554X | ||
| 040 |
_aeng _beng _cDLC |
||
| 041 | _aeng | ||
| 080 |
_a821.111 _bG-24 |
||
| 100 |
_91216 _aGaskell, Elizabeth |
||
| 245 |
_aMary Barton _c/ by: Everyman, J. M. Dent |
||
| 260 |
_aLondon _bEveryman, J. M. Dent _c1992 |
||
| 300 | _a443 p. | ||
| 365 | _b6.95 usd | ||
| 650 | 0 |
_9254 _aEnglish literature |
|
| 653 | _aინგლისური ლიტერატურა | ||
| 942 |
_2udc _cBK |
||
| 999 |
_c1852 _d1852 |
||